| 000 | 00637nam a22002297a 4500 | ||
|---|---|---|---|
| 005 | 20220119134235.0 | ||
| 008 | 160126b xxu||||| |||| 00| | spa d | ||
| 041 | _aeng | ||
| 082 | _a378.161.076 R434r | ||
| 100 |
_aBrizuela Rodríguez, Armel _92276 |
||
| 100 |
_aCerdas Núñez, Danny _92277 |
||
| 100 |
_aFallas Salazar, Selene _92278 |
||
| 245 | _aResolvamos la PAA | ||
| 260 |
_aCosta Rica _bUCR _c2015 |
||
| 300 | _a183 páginas | ||
| 650 |
_aUNIVERSIDAD _92279 |
||
| 650 |
_aEXAMEN DE ADMISION _92280 |
||
| 650 |
_aPRUEBA DE APTITUD ACADEMICA _92281 |
||
| 650 |
_aEJERCICIOS _92282 |
||
| 650 |
_aPROBLEMAS _92283 |
||
| 942 | _cBK | ||
| 999 |
_c7527 _d7527 |
||